000 01093cam a2200229 a 4500
082 0 0 _a693.1
_bMAS
_cL-39, P194
245 0 0 _aMasonry designers' guide :
_bbased on Building Code requirements for masonry structures (ACI 530-92/ASCE 5-92/TMS 402-92) and Specifications for masonry structures (ACI 530.1-92/ASCE 6-92/TMS 602-92) /
_cJohn H. Matthys, editor.
260 _aBoulder, Colo. :
_bMasonry Society,
_cc1993.
300 _a1 v. (various pagings) :
_bill. ;
_c28 cm.
500 _a"A culmination of the efforts of the Masonry Society (TMS), the Council for Masonry Research (CMR), and the American Concrete Institute (ACI)"--P. iii.
500 _a"With illustrated design applications."
526 _a0
_b0
_c0
_d693_100000000000000_MAS
650 0 _aMasonry
_xStandards
_zUnited States.
_945536
650 0 _aMasonry.
_936353
650 0 _aMCE
_9379
650 0 _aStructural design.
700 1 _aMatthys, John H.
_945537
710 2 _aAmerican Concrete Institute.
_937057
710 2 _aCouncil for Masonry Research.
_945538
710 2 _aMasonry Society (U.S.)
_945539
942 _2ddc
_cBK
999 _c549030
_d549030